000
00307nam a22001217a 4500
008
171219b xxu||||| |||| 00| 0 eng d
041
_a
eng
080
_a
34
100
_a
14
101
_a
JUR
245
_a
THE ROAD FROM RUNNYMEDE MAGNA CARTA AND CONSTITUTIONALISM IN AMERICA
_c
HOWARD,A.E
942
_2
udc
_c
BK
999
_c
39153
_d
39153